000 00457nam a22001697a 4500
003 CEME
005 20210628205704.0
008 210315b xxu||||| |||| 00| 0 eng d
040 _c.
082 _a297.4 GZA
100 _aGhazali, Amam Aman Ghazali
_976662
245 _aEhya-ul-uloom mazak ul arfeen.urdu translation
260 _aLAHORE
_bMAKTABA RAHMANIA
_c1995
300 _a880P, 4 VOLS
650 _aISLAM-EHYA-UL-ULOOM
_976663
942 _cBK
_2ddc
999 _c582013
_d582013